Statistiche per Ricostruisci la Carriera del Calciatore - Stevan Jovetić

Clicka qui per fare il quiz!

Statistiche generali

  • Questo quiz è stato fatto 2 volte
  • Il punteggio medio è 7 su 8

Statistiche sulle risposte

HintRisposta% Corretto
2008-2013 Fiorentina
100%
2021-2023 Hertha Berlino
100%
2015-2017 Inter
100%
2013-2015 Manchester City
100%
2017-2021 Monaco
100%
2006-2008 Partizan
100%
2023- Olympiakos
50%
2017Siviglia
0%

Distribuzione punteggi

Percentile per numero di risposta

Percentuale di utenti per punteggio

I tuoi punteggi nel tempo

Non hai fatto questo quiz